終疆 . 冰封輝皇 . 3
| 資料類型: | 圖書 | 書目號: | 51735 |
Leader xxxxxxxxxx 001 __ 102496/8/01 005 __ 20171120175620.540 010 0_ |a978-957-803-964-3|b第3冊 : 平裝|d新臺幣250元 042 __ |anbim 100 __ |a20171120d2015 k y0chiy50 e 101 0_ |achi 102 __ |atw 105 __ |ay z 000ay 200 1_ |a終疆|h3|i冰封輝皇|f御我著 205 __ |a初版 210 __ |a臺北市|c平裝本出版|c皇冠發行|d2015[民104] 215 0_ |a271面|d21公分 225 12 |a御我作品集|v3 517 1_ |a冰封輝皇|zchi 606 __ |2csh|a輕小說 681 __ |a857.7|b875 v.3 700 _0 |a御我|4著 801 _0 |atw|bLibDipper|c20171120|gCCR |